000 00635nam a2200217Ia 4500
001 3113
003 GE_BSU
008 181216s||||||||xx |||||||||||||| ||und||
040 _cGE_BSU
080 _a51(075.8)
100 _aСмирнов.В.И.
245 _aКурс высшей математики. Том пятый.
245 _bУчебник.
245 _cРед. Г.П.Акилов.
260 _aМ.
260 _bГос. изд-во физико-математической лит-ры.
260 _c1959.
300 _a656 стр. 22 см.
653 _aКурс высшей математики.
942 _cBK
999 _c37157
_d37157